| 000 | 01883nam0a22003131 4500 | ||
|---|---|---|---|
| 001 | rc\4672896 | ||
| 005 | 20260406160715.0 | ||
| 021 |
_aRU _b[62-12037] |
||
| 035 | _a(NLR Aleph) 008703380 | ||
| 090 |
_a9312839 _c9312839 |
||
| 100 | _a20130416d1961 |||y0rusy50 ca | ||
| 101 | 0 | _arus | |
| 102 | _aRU | ||
| 105 | _aa z ||||| | ||
| 200 | 1 |
_aПоверхностные явления в металлах и сплавах и их роль в процессах порошковой металлургии _e[Доклады Межинститутского семинара по вопросам жаропрочности и Межинститутского коллоквиума по поверхностным явлениям в расплавах. [26 сент. - 1 окт. 1959 г. Киев] _fРедколлегия: В.Н. Еременко (отв. ред.) и др.] _gАкад. наук УССР. Ин-т металлокерамики и спец. сплавов |
|
| 210 |
_aКиев _cИзд-во Акад. наук УССР _d1961 |
||
| 215 |
_a216 с. _cил. _d22 |
||
| 320 | _aБиблиогр. в конце докладов | ||
| 606 |
_aСплавы _xПоверхностные явления _jСборники _2psbo |
||
| 606 |
_aМеталлы _xПоверхностные явления _jСборники _2psbo |
||
| 606 |
_aМеталлокерамика _jСборники _2psbo |
||
| 702 | 1 |
_aЕременко _bВ.Н. _gВалентин Никифорович _4340 |
|
| 712 | 0 | 2 | _aМежинститутский семинар по вопросам жаропрочности (1959; Киев) |
| 712 | 0 | 2 |
_aИнститут металлокерамики и специальных сплавов _cКиев _9359483 _3RU\NLR\AUTH\889932066 |
| 801 | 0 |
_aRU _bNLR _gpsbo |
|
| 801 | 1 |
_aRU _bELAR _2rusmarc |
|
| 852 |
_aNLR _j62-5/1320 |
||
| 942 | _cBOOK | ||
| 980 | _aNB | ||